| 000 | 01325nam a2200349 c 4500 | ||
|---|---|---|---|
| 001 | 59565 | ||
| 003 | CO-BoRNBP | ||
| 005 | 20251022204204.0 | ||
| 007 | ta | ||
| 008 | 211022s2021 ck a ||br|||| 00| 0 spa d | ||
| 020 | _a9789585591837 | ||
| 040 |
_aCO-BoRNBP _bspa _erda _cCO-BoRNBP |
||
| 041 | 1 |
_aspa _hfre |
|
| 082 | 0 | 4 |
_a153.12 _bM37c _222 |
| 100 |
_aMira Pons, Michèle _eaut _91715 |
||
| 245 | 1 | 1 |
_a¿Cómo funciona la memoria? / _ctextos de Michèle Mira Pons ; ilustraciones de Edith Carron ; traducción Valeria Castelló-Joubert. |
| 250 | _aEdición especial | ||
| 264 | 1 |
_aBogotá, Colombia : _bIamiqué, _c2021 |
|
| 300 |
_a49, [3] páginas sin numerar : _bilustraciones a color |
||
| 336 |
_atexto _btxt _2rdacontent |
||
| 337 |
_asin mediación _bn _2rdamedia |
||
| 338 |
_avolumen _bnc _2rdacarrier |
||
| 490 | 0 | _aPlan Nacional de Lectura y Escritura Leer es mi Cuento / Ministerio de Cultura | |
| 521 | _aRecomendado para un público infantil mayor de 9 años | ||
| 534 | _tQuestion de mémoire | ||
| 650 | 0 | 7 |
_aAsociación de ideas _xLiteratura infantil _2lemb _91717 |
| 650 | 0 | 7 |
_aMemoria _xLiteratura infantil _2LEMB _91716 |
| 650 | 0 | 7 |
_aPensamiento _xLiteratura infantil _2lemb _91718 |
| 700 |
_aCarron, Edith _eill _91719 |
||
| 700 | 1 |
_aCastelló-Joubert, Valeria _d1969- _etrl _965975 |
|
| 942 |
_2ddc _cBKINF |
||
| 999 |
_c59565 _d59565 |
||